Sklepy spożywcze w polsce - Statystyki

Ogólne statystyki
  • Ten quiz został rozwiązany 102 razy
  • Średni wynik to 11 z 20
Statystyki odpowiedzi
liczba sklep % Poprawnych
3.700 Biedronka
100%
950 Lidl
100%
12.000 Żabka
92%
3.033 Dino
88%
253 Kaufland
76%
200 Auchan
73%
800 Carrefour
70%
3.292 Lewiatan
69%
680 Netto
64%
370 Aldi
59%
981 Stokrotka
57%
3.000 Delikatesy Centrum
52%
2.000 Groszek
41%
2.100 Społem
29%
280 Polomarket
28%
400 Intermarche
27%
200 Spar
20%
2.200 Odido
16%
36 E.Leclerc
9%
30 Frac
3%
Nie znaleziono quizów pasujących do podanych kryteriów
Rozkład punktacji
Procent ludzi z każdym wynikiem
Percentyl według liczby udzielonych odpowiedzi
Twoja historia wyników
Nie rozwiązałeś tego quizu